000 00688nmm a2200205Ia 4500
008 251105s9999||||xx |||||||||||||||||und||
041 _aspa
100 _aBringas Gutiérrez, Miguel Ángel
245 0 _aNuevas perspectivas en la investigación docente de la historia económica
264 _a[Madrid, España] :
_bEdiciones Universidad de Cantabria,
_c2016
300 _a619 páginas
490 _aDifunde
650 _aEducation
700 _aBringas Gutiérrez, Miguel Ángel
700 1 _a Catalán Martínez, Elena
700 1 _a Trueba Salas, Carmen
700 1 _a Remuzgo Pérez, Lorena (eds.)
856 _uhttps://public.digitaliapublishing.com/a/47307
942 _cCF
999 _c63119
_d63119